000 00723na a2200229 4500
001 18682
003 MIRAKIL
005 20181213155043.0
008 161124b tu 000 0
040 _aMilas
_btur
_cTR-AnCHP
041 _atur
082 _a351.1026
_bK25 1990
090 _a351.1026 K25 1990
245 _aKamu iktisadi teşebbüsleri personeli ile ilgili mevzuat
_cDevlet Personel Başkanlığı
260 _aAnkara
_bBaşbakanlık
_c1990
300 _a89+10 s.
_c21 sm.
490 _aDevlet Personel Başkanlığı
_v81
610 _aKamu İktisadi Teşebbüsleri
_xPersonel yönetimi
650 _aKamu personelleri
_xHukuk ve mevzuat
710 _aDevlet Personel Başkanlığı
942 _2ddc
_cBKS
999 _c5666
_d5666